000 00472nam a2200157Ia 4500
005 20250424120249.0
008 250424s9999 xx 000 0 und d
022 _a15970191
050 _aRA 564.85 .I573/
245 0 _aInternational journal of gender & health studies
260 _aIkot Ekpene
260 _bDevelopment Universal Consortia
260 _c2010
650 _aWomen--Health and hygiene--Africa--Periodicals. Diseases--Africa--Periodicals.
942 _cSR
999 _c38316
_d38316